000 00246 a2200097 4500
001 34565
100 _aCoursey, Cameron
245 _aUnderstanding digital PCs; the TDMA standards
260 _aLondon
_bArtech House
_c1998
090 _c22848
_d22848
942 _aNUST-CAE
_cM
_c14278
999 _c269638
_d269638